000
00211nam a2200109Ia 4500
100
_a
#N/A
942
_c
BK
654
_a
doom 3
245
_a
Doom 3 / Mobile/ Internet
260
_b
#N/A
_c
2004
546
_a
ENGLISH
999
_c
26537
_d
26537